| 000 | 00869nam a2200253 i 4500 | ||
|---|---|---|---|
| 001 | 93486 | ||
| 003 | ES-MaACL | ||
| 005 | 20250728062606.0 | ||
| 007 | t| | ||
| 008 | 050531s1988 sp ||||1| spa d | ||
| 020 | _a84-505-7547-8 | ||
| 080 | _a946.0"1814/33" | ||
| 080 | _a342.5(460)"18" | ||
| 100 | 1 |
_aBuldain Jaca, Blanca Esther. _932494 |
|
| 245 | 1 | 0 |
_aRégimen político y preparación de Cortes en 1820 / _cBlanca Esther Buldain Jaca. |
| 260 |
_aMadrid : _bPublicaciones del Congreso de los Diputados, _c[1988] |
||
| 300 |
_a443 p. ; _c21 cm. |
||
| 490 | 1 |
_aMonografías ; _v13 |
|
| 610 | 1 |
_aEspaña. _bCortes (1820-1823) _93660 |
|
| 651 | 4 |
_aEspaña- _xHistoria- _y1814-1833, Fernando VII _98248 |
|
| 830 | 0 | 0 |
_aMonografías (Centro de Estudios Benaventanos "Ledo del Pozo") _v13 _9177262 |
| 852 |
_aES-MaACL _jL-29131 _bR.135503 |
||
| 999 |
_c93486 _d93486 |
||